PR-SOF-1833-The Elderly Buddy (Record no. 577574)

000 -LEADER
fixed length control field 00442nam a22001217a 4500
082 ## - DEWEY DECIMAL CLASSIFICATION NUMBER
Classification number 220 PRO
100 ## - MAIN ENTRY--PERSONAL NAME
Personal name NS RAZA SOHAIL NS HAMMAD WALI SHAH NS HAMZA TARIQ PROJECT SUPERVISOR Dr. Ali Hassan NS RAZA SOHAIL NS HAMMAD WALI SHAH NS HAMZA TARIQ
9 (RLIN) 70624
245 ## - TITLE STATEMENT
Title PR-SOF-1833-The Elderly Buddy
260 ## - PUBLICATION, DISTRIBUTION, ETC.
Place of publication, distribution, etc. ISLAMABAD
Name of publisher, distributor, etc. NUST COLLEGE OF EME
Date of publication, distribution, etc. 2019
650 ## - SUBJECT ADDED ENTRY--TOPICAL TERM
Topical term or geographic name entry element DE-COMP-37
9 (RLIN) 70625
700 ## - ADDED ENTRY--PERSONAL NAME
Personal name SUPERVISOR Dr. Ali Hassan
9 (RLIN) 69910
942 ## - ADDED ENTRY ELEMENTS (KOHA)
Koha item type Continuing Resources
Holdings
Withdrawn status Lost status Damaged status Not for loan Permanent Location Current Location Shelving location Date acquired Total Checkouts Full call number Barcode Date last seen Price effective from Koha item type
        College of Electrical & Mechanical Engineering (CEME) College of Electrical & Mechanical Engineering (CEME) Reference 11/28/2019   220 PRO PR-SOF-1833 06/28/2021 06/28/2021 Continuing Resources
© 2023 Central Library, National University of Sciences and Technology. All Rights Reserved.